Community participation in health and family welfare: innovative experiences in India (Record no. 477488)

000 -LEADER
fixed length control field 00506cam a22001457a 4500
008 - FIXED-LENGTH DATA ELEMENTS--GENERAL INFORMATION
fixed length control field 180718b1990 xxu||||| |||| 00| 0 eng d
082 ## - DEWEY DECIMAL CLASSIFICATION NUMBER
Classification number Ox54 Sa19
100 ## - MAIN ENTRY--PERSONAL NAME
Personal name Sahni, Ashok
245 ## - TITLE STATEMENT
Title Community participation in health and family welfare: innovative experiences in India
Statement of responsibility, etc. by Ashok Sahni and S. Xirassgar
260 ## - PUBLICATION, DISTRIBUTION, ETC.
Place of publication, distribution, etc. Bangalore
Name of publisher, distributor, etc. Indian Society for Health Administrators
Date of publication, distribution, etc. 1990
300 ## - PHYSICAL DESCRIPTION
Extent 271p.
650 ## - SUBJECT ADDED ENTRY--TOPICAL TERM
Topical term or geographic name entry element Community Participation
650 ## - SUBJECT ADDED ENTRY--TOPICAL TERM
Topical term or geographic name entry element Public Health - India
700 ## - ADDED ENTRY--PERSONAL NAME
Personal name Xirasagar, Sudha
Holdings
Withdrawn status Lost status Damaged status Not for loan Permanent Location Current Location Date acquired Full call number Barcode Date last seen Price effective from Koha item type
        Indian Institute of Public Administration Indian Institute of Public Administration 2018-08-04 Ox54 Sa19 GR12511 2018-08-04 2018-08-04 GR

Powered by Koha